00752 a2200205 4500020001500000020001800015082001200033090001300045100002300058245015300081250001200234260003100246300002100277490004000298700003300338830004000371942002500411999001700436952009300453 a0387332855 a978038733285704a514.742 c677d6771 aLapidus, Michel L.10aFractal geometry, complex dimensions and zeta functions :bgeometry and spectra of fractal strings /cMichel L. Lapidus, Machiel van Frankenhuijsen. a1st ed. a[S.l.] :bSpringer,c2006. a488 p. ;c24 cm.1 aSpringer monographs in mathematics.1 aFrankenhuijsen, Machiel van. 0aSpringer monographs in mathematics. aSNScBKk514.742 LAP c29306d29306 00104070aSNSbSNSd2016-05-26l0o514.742 LAPpSNS0000831r2022-11-18w2016-05-26yBK